قر طا س و قلم (ر با عی) (Record no. 182537)

MARC details
000 -LEADER
fixed length control field 00610nam a22001937a 4500
005 - DATE AND TIME OF LATEST TRANSACTION
control field 20211122104009.0
010 ## - LCCN (DPL NO)
LC control number UR-11331
020 ## - INTERNATIONAL STANDARD BOOK NUMBER
Terms of availability 98.00
International Standard Book Number -
035 ## - SYSTEM CONTROL NUMBER
System control number U-9886
037 ## - SOURCE OF ACQUISITION
Source of stock number/acquisition DBAD/PUB
082 ## - DEWEY DECIMAL CLASSIFICATION NUMBER
Classification number 841
100 ## - MAIN ENTRY--PERSONAL NAME
Personal name کو ثر صد يقی
245 ## - TITLE STATEMENT
Title قر طا س و قلم (ر با عی)
Statement of responsibility, etc کو ثر صد يقی
246 ## - VARYING FORM OF TITLE
Title proper/short title Quirtaas-o-Qualam (Urdu)
Remainder of title by Kausar Siddiqui
260 ## - PUBLICATION, DISTRIBUTION, ETC. (IMPRINT)
Place of publication, distribution, etc N.Delhi
Date of publication, distribution, etc 2020 ء
Name of publisher, distributor, etc Educational Publishing House
270 ## - ADDRESS
Address D1/16,Ansari Road,Darya Ganj,
City New Delhi
Postal code 110002
Fax number -
300 ## - PHYSICAL DESCRIPTION
Extent 144 ص
Dimensions 22 Cm(Hb)
942 ## - ADDED ENTRY ELEMENTS (KOHA)
Source of classification or shelving scheme Dewey Decimal Classification
Item type Urdu Bks
Classification part 841
Call number suffix ص د ی

No items available.


© Delhi Public Library
Hit Counter
free hit counter